Countries I've Visited (Pictures) (Trixie160) - Statistics

General Stats
  • This quiz has been taken 132 times
    82 since last reset
  • The average score is 18 of 29
Answer Stats
Picture Answer % Correct
Italy
99%
United States
97%
Egypt
96%
Greece
95%
France
93%
United Kingdom
89%
Switzerland
82%
Norway
76%
Cambodia
74%
Turkey
73%
Denmark
69%
Sweden
69%
Austria
66%
Iceland
66%
Croatia
65%
Monaco
65%
Thailand
65%
Finland
61%
Spain
51%
Morocco
50%
Portugal
50%
Vatican City
41%
Estonia
38%
Latvia
38%
Slovenia
36%
Lithuania
34%
Andorra
32%
Malta
32%
Tanzania
23%
No matching quizzes found
Score Distribution
Percent of People with Each Score
Percentile by Number Answered
Your Score History
You have not taken this quiz since the last reset